[Event "O2C Doeberl Cup 2019"]
[Site "Canberra"]
[Date "2019.04.21"]
[Round "8.5"]
[White "Bjelobrk, Igor"]
[Black "Lane, Gary W"]
[Result "1-0"]
[WhiteElo "2386"]
[BlackElo "2357"]
[Annotator "TA"]
[PlyCount "99"]
[EventDate "2019.04.17"]
[EventType "swiss"]
[EventCountry "AUS"]
[SourceTitle "playchess.com"]
[Source "ChessBase"]
[SourceQuality "1"]

{[%evp 12,99,32,4,22,11,20,10,53,0,0,-29,-29,-22,-37,-31,-39,-62,-19,-12,-9,-12,0,-3,0,-25,-17,-21,0,0,0,0,12,0,10,12,18,0,8,-17,8,11,10,9,16,15,25,6,46,42,71,64,125,134,132,137,167,168,160,143,143,141,120,121,138,131,1722,1402,29977,29977,29979,29978,29977,29978,29986,29987,29987,29988,29988,29989,29989,29990,29991,29992,29992,29993,29994,29995,29995,29994]} 1. e4 c5 2. Nf3 d6 3. d4 cxd4 4. Nxd4 Nf6 5. Nc3 a6 6. h3 e5 7. Nb3 Be6 {B90: Sicilian Najdorf: Unusual White 6th moves, 6 Be3 Ng4 and 6 Be3 e5} 8. f4 g6 9. Be2 Nc6 {The position is equal.} 10. Be3 $146 ({White should try} 10. O-O $1 $14) ({Predecessor:} 10. O-O exf4 11. Bxf4 d5 12. exd5 Nxd5 13. Nxd5 Qxd5 14. Bf3 Qc4 15. c3 {0-1 (29) Ivanchuk,V (2704)-Gelfand,B (2743) Beijing 2014}) 10... Bh6 $11 11. Qd2 d5 $1 {[%cal Rd5d4] ...d4 is the strong threat.} 12. fxe5 Bxe3 13. Qxe3 {aiming for 0-0-0.} d4 {[%mdl 64] [#] Double Attack} 14. Qd2 dxc3 15. Qxd8+ Rxd8 16. exf6 Nb4 (16... cxb2 $5 17. Rb1 $8 Bxb3 18. cxb3 O-O $11) 17. Kf2 Bxb3 18. axb3 cxb2 19. Ra4 Nc6 20. Rb1 Rd6 21. Rxb2 Rxf6+ 22. Ke3 Kd7 23. b4 Kc7 24. Ra3 Rd8 25. Rc3 Re6 26. Bc4 Re7 27. b5 axb5 28. Rxb5 Kb8 29. Rd3 Rde8 30. Bd5 {And now Bxc6 would win.} Na7 31. Rb4 $36 {[%mdl 2048] White has the initiative.} Nc8 (31... Rc8 $14) 32. Rdb3 $16 {[%cal Rb4b7]} Nd6 33. c4 f5 34. c5 Nxe4 35. Rxb7+ Rxb7 36. Rxb7+ $18 {[%mdl 4096] Endgame KRB-KRN} Kc8 37. Kd4 Rd8 {Hoping for ...Rxd5+!} 38. Ra7 {Strongly threatening Ra8+.} Ng3 $2 {[%mdl 8192]} (38... Nf6 $16 39. Ra8+ Kc7 40. Rxd8 Kxd8) 39. Ke5 Nh5 40. c6 {White mates.} Re8+ 41. Kd6 {[%cal Ra7a8]} Rd8+ {[#]} 42. Kc5 $1 Nf4 43. Bc4 Rd1 44. Ba6+ Kb8 45. c7+ Kxa7 46. c8=Q {[%csl Ga6][%cal Rc8b7]} Rc1+ 47. Bc4 Nd3+ 48. Kd6 Nb4 49. Qc7+ Ka8 50. Bd5+ {Accuracy: White = 63%, Black = 38%.} 1-0

[Event "O2C Doeberl Cup 2019"]
[Site "Canberra"]
[Date "2019.04.21"]
[Round "8.6"]
[White "Johansen, Darryl K"]
[Black "Solomon, Stephen J"]
[Result "1-0"]
[WhiteElo "2364"]
[BlackElo "2338"]
[Annotator "NA"]
[PlyCount "105"]
[EventDate "2019.04.17"]
[EventType "swiss"]
[EventCountry "AUS"]
[SourceTitle "playchess.com"]
[Source "ChessBase"]
[SourceQuality "1"]
[TimeControl "5400+30"]

1. c4 {[%emt 0:00:39]} e6 {[%emt 0:00:29]} 2. Nf3 {[%emt 0:00:00]} d5 {[%emt 0:00:22]} 3. d4 {[%emt 0:00:22]} Nf6 {[%emt 0:00:13]} 4. g3 {[%emt 0:00:41]} dxc4 {[%emt 0:01:09]} 5. Qa4+ {[%emt 0:00:14]} Nc6 {[%emt 0:02:03]} 6. Bg2 {[%emt 0:05:27]} Bb4+ {[%emt 0:01:05]} 7. Bd2 {[%emt 0:00:09]} Nd5 {[%emt 0:00:23]} 8. Bxb4 {[%emt 0:08:43]} Ndxb4 {[%emt 0:00:29]} 9. a3 $11 {[%emt 0:25:21]} b5 {[%emt 0:05:13]} 10. Qd1 {[%emt 0:00:00]} Nd5 11. e4 Nf6 {[%emt 0:09:21]} 12. Nc3 {[%emt 0:00:00]} O-O {[%emt 0:00:46]} 13. O-O {[%emt 0:00:52]} Rb8 {[%emt 0:06:28]} 14. e5 {[%emt 0:01:39]} Nd5 {[%emt 0:00:59]} 15. Ne4 {[%emt 0:00:12]} f6 {[%emt 0:06:57]} 16. exf6 {[%emt 0:00:21]} gxf6 {[%emt 0:07:20]} 17. Re1 {[%emt 0:02:28]} e5 {[%emt 0:04:34]} 18. dxe5 {[%emt 0:09:17]} fxe5 {[%emt 0:03:38]} 19. Neg5 {[%emt 0:06:11]} Bg4 {[%emt 0:08:56]} 20. h3 {[%emt 0:00:15]} Bxf3 21. Nxf3 {[%emt 0:00:07]} Nf6 {[%emt 0:12:04]} 22. Nxe5 {[%emt 0:00:21]} Nxe5 {[%emt 0:02:07]} 23. Rxe5 {[%emt 0:00:06]} Qxd1+ {[%emt 0:00:50]} 24. Rxd1 {[%emt 0:00:03]} Rfe8 {[%emt 0:07:08]} 25. Rf5 {[%emt 0:04:15]} Re6 {[%emt 0:00:33]} 26. g4 {[%emt 0:03:24]} h6 {[%emt 0:03:50]} 27. Rc5 {[%emt 0:08:15]} Re7 {[%emt 0:01:06]} 28. Bf3 {[%emt 0:03:21]} Kg7 {[%emt 0:01:22]} 29. a4 {[%emt 0:05:53]} bxa4 {[%emt 0:03:48]} 30. Rxc4 {[%emt 0:00:10]} Rxb2 {[%emt 0:00:30]} 31. Rxa4 {[%emt 0:00:02]} c5 {[%emt 0:01:26]} 32. Rda1 {[%emt 0:01:18]} Kf7 {[%emt 0:02:31]} 33. Kg2 {[%emt 0:00:56]} Nd7 {[%emt 0:05:54]} 34. Rxa7 {[%emt 0:00:54]} Nb6 {[%emt 0:00:06]} 35. Rxe7+ {[%emt 0:03:19]} Kxe7 {[%emt 0:00:05]} 36. Ra7+ {[%emt 0:00:07]} Kd6 {[%emt 0:00:36]} 37. Rh7 {[%emt 0:00:08]} c4 {[%emt 0:00:43]} 38. Rxh6+ {[%emt 0:00:06]} Kc5 {[%emt 0:00:05]} 39. Rc6+ {[%emt 0:00:22]} Kd4 {[%emt 0:00:26]} 40. g5 {[%emt 0:04:09]} c3 {[%emt 0:02:22]} 41. g6 {[%emt 0:00:35]} Nc4 {[%emt 0:00:11]} 42. g7 {[%emt 0:00:58]} Rb8 {[%emt 0:00:37]} 43. Bd1 {[%emt 0:00:57]} Kd3 {[%emt 0:01:42]} 44. Bb3 {[%emt 0:01:45]} Na5 {[%emt 0:00:18]} 45. Rd6+ Ke2 {[%emt 0:00:30]} 46. Bc2 Rg8 {[%emt 0:00:30]} 47. Rd7 Nc6 {[%emt 0:00:30]} 48. Bh7 Rc8 {[%emt 0:00:30]} 49. Rc7 Rxc7 {[%emt 0:00:30]} 50. g8=Q Ne5 {[%emt 0:00:30]} 51. Qa2+ c2 {[%emt 0:00:30]} 52. Bxc2 Rg7+ {[%emt 0:00:30]} 53. Bg6+ 1-0

[Event "O2C Doeberl Cup 2019"]
[Site "Canberra"]
[Date "2019.04.21"]
[Round "8.6"]
[White "Johansen, Darryl K"]
[Black "Solomon, Stephen J"]
[Result "1/2-1/2"]
[WhiteElo "2364"]
[BlackElo "2338"]
[Annotator "TA"]
[PlyCount "98"]
[EventDate "2019.04.17"]
[EventType "swiss"]
[EventCountry "AUS"]
[SourceTitle "playchess.com"]
[Source "ChessBase"]
[SourceQuality "1"]

{[%evp 23,98,27,35,0,18,31,29,0,0,0,0,0,0,-70,64,-21,0,-31,-37,-72,-52,-110,-109,-110,-102,-134,-135,-155,-155,-168,-181,-222,-179,-189,-148,-241,-244,-242,-245,-409,-410,-412,-397,-1046,-1014,-797,-514,-509,-513,-374,0,0,0,0,0,0,0,0,0,0,0,0,0,0,0,0,0,0,0,0,0,0,0,0,0,0,0]} 1. e4 c5 2. Nf3 d6 3. d4 Nf6 4. Nc3 cxd4 5. Nxd4 Nc6 6. Bc4 e6 7. Be3 Be7 8. Qe2 a6 9. O-O-O Nxd4 10. Bxd4 b5 11. Bb3 Bb7 12. a3 O-O 13. g4 {B89: Sicilian: Velimirovic Attack} Nd7 14. h4 Rc8 $146 ({Predecessor:} 14... Qc7 15. g5 Nc5 16. Ba2 Bc6 17. g6 fxg6 18. h5 Bg5+ 19. Kb1 Rae8 20. Qg4 Qe7 21. hxg6 {0-1 (41) Bernadskiy,V (2556)-Alekseenko,K (2499) Yerevan 2015}) 15. g5 {White has an edge.} e5 16. Be3 Rxc3 $1 {[%mdl 64] Remove Defender} 17. bxc3 Bxe4 18. Rhg1 (18. f3 $11 Bf5 19. Kb2) 18... Kh8 (18... Qc7 $1 $15 19. f3 Bf5) 19. h5 (19. Qg4 $1 $14 Bc6 20. Kb2) 19... Qa8 20. Qg4 Qc6 $1 $36 {[%mdl 2048] Black is pushing.} 21. Rg3 d5 {Threatens to win with ...a5.} 22. Kb2 ({White should play} 22. Kd2 $15) 22... Nc5 23. Bxc5 (23. f3 Na4+ 24. Bxa4 bxa4 $19) 23... Qxc5 {[%mdl 64] Double Attack} (23... Bxc5 $2 24. f3 $18) 24. Ra1 Qxf2 {And now ...a5 would win.} 25. Rgg1 Qc5 26. h6 Rc8 27. hxg7+ Kg8 28. Rg3 Rc7 29. Qe2 {[#]} (29. Qh3 $17) 29... a5 $1 $19 {[%cal Ra5a4]} (29... Kxg7 30. Qe1 $17) 30. a4 b4 ({Stronger than} 30... Kxg7 31. axb5 Rb7 32. c4 $16) 31. Qb5 $2 (31. cxb4 Qxb4 32. c3) 31... bxc3+ 32. Kb1 Kxg7 33. Qe2 $2 {[#]} (33. Qxc5 Rxc5 34. Ka2) 33... Rb7 $1 34. Kc1 Rb6 35. Qe1 {[#]} Rxb3 $1 {[%mdl 576] Remove Defender} 36. cxb3 Qa3+ $2 (36... c2 $19 {...Qd4 is the strong threat.} 37. Rc3 Qd4) 37. Rxa3 $11 {The position is equal.} Bxa3+ 38. Kd1 c2+ 39. Kd2 {Strongly threatening Rc3.} d4 {( -> ...Bb4+)} 40. Qxe4 c1=Q+ {[%mdl 4096] Endgame KQR-KQB} 41. Ke2 Qb2+ 42. Kf1 Qc1+ 43. Kg2 {Black must now prevent Rf3.} Qd2+ 44. Kh3 Bd6 $1 ({Don't go for} 44... Qf4 $2 45. Qxf4 exf4 46. Rd3 $18) 45. Qf5 Qd1 ({Avoid the trap} 45... Qf4 $2 46. Qxf4 exf4 47. Rd3 $18) 46. Qf6+ Kg8 47. Qxd6 Qh1+ 48. Kg4 Qe4+ 49. Kh3 {aiming for Qd8+.} Qh1+ {Accuracy: White = 47%, Black = 61%.} 1/2-1/2

[Event "O2C Doeberl Cup 2019"]
[Site "Canberra"]
[Date "2019.04.21"]
[Round "8.7"]
[White "Pirotais, Jerome"]
[Black "McClymont, Brodie"]
[Result "1/2-1/2"]
[WhiteElo "2075"]
[BlackElo "2360"]
[Annotator "NA"]
[PlyCount "51"]
[EventDate "2019.04.17"]
[EventType "swiss"]
[EventCountry "AUS"]
[SourceTitle "playchess.com"]
[Source "ChessBase"]
[SourceQuality "1"]
[TimeControl "5400+30"]

1. e4 {[%emt 0:00:00]} c5 {[%emt 0:00:00]} 2. Nf3 {[%emt 0:00:17]} d6 {[%emt 0:00:00]} 3. d4 {[%emt 0:01:39]} cxd4 {[%emt 0:00:00]} 4. Nxd4 {[%emt 0:00:14]} Nf6 {[%emt 0:00:00]} 5. Nc3 {[%emt 0:00:10]} a6 {[%emt 0:00:00]} 6. Bg5 {[%emt 0:03:00]} Nbd7 {[%emt 0:00:00]} 7. Qe2 {[%emt 0:02:23]} h6 {[%emt 0:00:32]} 8. Bh4 {[%emt 0:08:04]} g6 {[%emt 0:00:09]} 9. f4 {[%emt 0:01:18]} e5 {[%emt 0:00:05]} 10. fxe5 {[%emt 0:10:43]} dxe5 {[%emt 0:00:00]} 11. O-O-O Qc7 12. Nb3 {[%emt 0:17:43]} b5 {[%emt 0:00:19]} 13. g4 {[%emt 0:01:59]} Bb7 {[%emt 0:05:47]} 14. Bg2 {[%emt 0:02:17]} Be7 {[%emt 0:04:56]} 15. Rhf1 {[%emt 0:06:31]} Rc8 {[%emt 0:05:56]} 16. Kb1 {[%emt 0:00:57]} b4 {[%emt 0:01:40]} 17. Bxf6 $1 {[%emt 0:00:25]} Nxf6 $16 {[%emt 0:01:21]} 18. Nd5 {[%emt 0:00:10]} Nxd5 19. exd5 {[%emt 0:00:05]} Bd6 {[%emt 0:05:10]} 20. Be4 {[%emt 0:04:21]} O-O {[%emt 0:03:55]} 21. Qe3 {[%emt 0:03:12]} Kg7 {[%emt 0:01:36]} 22. g5 {[%emt 0:02:29]} hxg5 23. Qxg5 {[%emt 0:00:21]} Qd8 {[%emt 0:05:34]} 24. Rxf7+ {[%emt 0:13:13]} Rxf7 {[%emt 0:00:44]} 25. Qxg6+ {[%emt 0:05:11]} Kf8 {[%emt 0:00:05]} 26. Qh6+ {[%emt 0:00:14]} 1/2-1/2

[Event "O2C Doeberl Cup 2019"]
[Site "Canberra"]
[Date "2019.04.21"]
[Round "8.7"]
[White "Pirotais, Jerome"]
[Black "McClymont, Brodie"]
[Result "0-1"]
[WhiteElo "2075"]
[BlackElo "2360"]
[Annotator "TA"]
[PlyCount "35"]
[EventDate "2019.04.17"]
[EventType "swiss"]
[EventCountry "AUS"]
[SourceTitle "playchess.com"]
[Source "ChessBase"]
[SourceQuality "1"]

{[%evp 9,10,24,24]} 1. e4 c5 2. Nf3 d6 3. d4 cxd4 4. Nxd4 Nf6 5. Nc3 a6 {[%mdl 32768] Loss on time!?} {Predecessor:} 6. a4 $146 g6 7. Be2 Bg7 8. Be3 Nc6 9. O-O O-O 10. Qd2 Nxd4 11. Bxd4 Be6 12. a5 Rc8 13. Ra4 Rc6 14. f4 Qd7 15. Rb4 Rfc8 16. Bd3 Bc4 17. h3 Bxd3 18. Qxd3 {1-0 (42) Vitiugov,N (2726)-Duda,J (2731) Prague 2019} 0-1

[Event "O2C Doeberl Cup 2019"]
[Site "Canberra"]
[Date "2019.04.21"]
[Round "8.8"]
[White "Renjith, Sravan"]
[Black "Puccini, Jack"]
[Result "0-1"]
[WhiteElo "1938"]
[BlackElo "2261"]
[Annotator "NA"]
[PlyCount "80"]
[EventDate "2019.04.17"]
[EventType "swiss"]
[EventCountry "AUS"]
[SourceTitle "playchess.com"]
[Source "ChessBase"]
[SourceQuality "1"]
[TimeControl "5400+30"]

1. Nf3 {[%emt 0:00:00]} Nf6 {[%emt 0:00:00]} 2. g3 {[%emt 0:00:00]} g6 {[%emt 0:00:00]} 3. Bg2 {[%emt 0:00:07]} Bg7 {[%emt 0:00:00]} 4. O-O {[%emt 0:00:30]} O-O {[%emt 0:00:00]} 5. c4 {[%emt 0:00:21]} d6 {[%emt 0:00:18]} 6. Nc3 {[%emt 0:00:48]} Nc6 {[%emt 0:00:28]} 7. d3 {[%emt 0:04:52]} e5 {[%emt 0:00:44]} 8. Rb1 {[%emt 0:04:00]} a5 {[%emt 0:00:45]} 9. a3 {[%emt 0:00:26]} Re8 {[%emt 0:00:48]} 10. e4 {[%emt 0:09:48]} Bg4 {[%emt 0:00:23]} 11. h3 {[%emt 0:00:21]} Bxf3 {[%emt 0:00:05]} 12. Bxf3 {[%emt 0:00:18]} Nd4 {[%emt 0:00:16]} 13. Bg2 {[%emt 0:00:12]} c6 {[%emt 0:00:22]} 14. Ne2 {[%emt 0:08:16]} Ne6 15. f4 exf4 {[%emt 0:17:18]} 16. gxf4 {[%emt 0:02:30]} Nh5 {[%emt 0:03:46]} 17. Qe1 {[%emt 0:08:03]} ({Better is} 17. Be3 $11) 17... Nc5 {[%emt 0:09:31]} 18. Qd1 {[%emt 0:07:27]} Qh4 $15 {[%emt 0:11:14]} 19. b4 {[%emt 0:14:46]} axb4 20. axb4 {[%emt 0:00:09]} Ne6 {[%emt 0:02:24]} 21. Be3 {[%emt 0:03:33]} Ra2 {[%emt 0:10:02]} 22. Bf2 {[%emt 0:12:41]} Qe7 {[%emt 0:02:28]} 23. Be3 {[%emt 0:03:35]} f5 {[%emt 0:02:47]} 24. Nc1 {[%emt 0:03:15]} Rxg2+ {[%emt 0:16:48]} 25. Kxg2 {[%emt 0:00:22]} Nexf4+ {[%emt 0:00:26]} 26. Bxf4 {[%emt 0:05:23]} Nxf4+ {[%emt 0:00:07]} 27. Rxf4 {[%emt 0:00:50]} Qg5+ {[%emt 0:00:08]} 28. Rg4 {[%emt 0:00:05]} fxg4 {[%emt 0:00:33]} 29. Qxg4 {[%emt 0:00:07]} Qd2+ {[%emt 0:00:56]} 30. Qe2 {[%emt 0:00:10]} Qc3 {[%emt 0:02:43]} 31. Na2 {[%emt 0:01:18]} Qd4 {[%emt 0:05:21]} 32. Rf1 {[%emt 0:03:02]} Re5 {[%emt 0:03:04]} 33. Qf3 {[%emt 0:01:01]} h6 {[%emt 0:02:20]} 34. h4 {[%emt 0:01:17]} Rh5 {[%emt 0:01:13]} 35. Qg4 {[%emt 0:01:09]} Qxd3 {[%emt 0:01:44]} 36. Qxg6 {[%emt 0:00:47]} Re5 {[%emt 0:00:14]} 37. Qf7+ {[%emt 0:02:57]} Kh8 {[%emt 0:00:46]} 38. Rg1 {[%emt 0:02:31]} Rxe4 {[%emt 0:01:06]} 39. Kh2 {[%emt 0:01:46]} Be5+ {[%emt 0:00:39]} 40. Kg2 {[%emt 0:00:10]} Qg3+ {[%emt 0:00:16]} 0-1

[Event "O2C Doeberl Cup 2019"]
[Site "Canberra"]
[Date "2019.04.22"]
[Round "9.1"]
[White "Melkumyan, Hrant"]
[Black "Song, Raymond"]
[Result "1/2-1/2"]
[WhiteElo "2658"]
[BlackElo "2329"]
[Annotator "TA"]
[PlyCount "76"]
[EventDate "2019.04.17"]
[EventType "swiss"]
[EventCountry "AUS"]
[SourceTitle "playchess.com"]
[Source "ChessBase"]
[SourceQuality "1"]

{[%evp 30,76,12,0,50,40,72,0,0,0,0,0,0,-33,0,-5,-28,-38,-4,-2,0,0,0,0,42,33,43,65,63,0,0,0,0,0,0,0,0,0,0,0,24,0,54,58,66,0,17,0,64]} 1. d4 Nf6 2. c4 e6 3. Nf3 d5 4. Nc3 Bb4 5. Bg5 dxc4 6. e4 c5 7. Bxc4 cxd4 8. Nxd4 Bxc3+ 9. bxc3 Qa5 10. Bxf6 Qxc3+ 11. Kf1 gxf6 12. Rc1 Qa5 13. h4 Ke7 14. Rh3 Nc6 15. Nxc6+ bxc6 16. Rd3 Rb8 {D39: Queen's Gambit Declined: Ragozin Defence with 5 Bg5 dxc4} 17. Kg1 Rd8 {[#]} 18. Rxd8 (18. e5 $1 $16 {[%cal Re5f6]} f5 19. Qh5 Rxd3 20. Qg5+ Ke8 21. Qg8+ (21. Bxd3 Qxe5 22. Rd1 Bd7 $11) 21... Ke7 22. Qg5+ Ke8 23. Bxd3) 18... Qxd8 $11 19. Qa4 $146 ({Predecessor:} 19. Qh5 Qd4 20. Bb3 Rb4 21. Qxh7 a5 22. Qg8 Bd7 23. Rd1 Qxe4 24. Qa8 Rd4 25. Rxd4 Qxd4 26. Qxa5 Qxh4 27. Qa3+ Ke8 28. Qa8+ Ke7 29. Qa3+ Ke8 30. Qa8+ Ke7 {½-½ (30) Akesson,R (2486)-Landa,K (2600) Bad Wiessee 2005}) 19... Qd4 20. Qa3+ ({Much worse is} 20. Qxc6 Bd7 $17) 20... Ke8 21. Bb3 Bd7 22. Rc4 Qa1+ 23. Kh2 Qe5+ (23... a5 $5) 24. g3 $132 {[%mdl 2048] White puts up resistance} Rb7 25. Qc1 Kf8 26. Qe3 Kg8 27. Rc5 Qd6 28. e5 fxe5 $1 29. Rc4 (29. Rxe5 $14 h6 30. Rh5) 29... Kf8 30. Qh6+ Ke7 31. Qg5+ Ke8 32. Qg8+ Ke7 33. Qg5+ Ke8 34. Rg4 {[#] Strongly threatening Qf6.} f5 (34... h5 $5 35. Qxh5 Qd2 $14) 35. Rc4 c5 (35... Qf8 $11) 36. Qg8+ $14 {[%mdl 1024] White has compensation.} Ke7 37. Qg5+ Ke8 38. Qg8+ Ke7 $1 {Accuracy: White = 52%, Black = 43%.} 1/2-1/2

[Event "O2C Doeberl Cup 2019"]
[Site "Canberra"]
[Date "2019.04.22"]
[Round "9.2"]
[White "Kunte, Abhijit"]
[Black "Bjelobrk, Igor"]
[Result "1/2-1/2"]
[WhiteElo "2485"]
[BlackElo "2386"]
[Annotator "TA"]
[PlyCount "29"]
[EventDate "2019.04.17"]
[EventType "swiss"]
[EventCountry "AUS"]
[SourceTitle "playchess.com"]
[Source "ChessBase"]
[SourceQuality "1"]

{[%evp 12,23,25,14,15,18,11,16,35,12,9,17,18,10]} 1. Nf3 Nf6 2. c4 e6 3. g3 d5 4. Bg2 Be7 5. O-O O-O 6. d4 dxc4 7. Qc2 b6 {E05: Open Catalan: 5 Nf3 Be7} 8. Bg5 Nd5 9. Bxe7 Qxe7 10. Qxc4 Ba6 11. Qc2 Nd7 12. Nc3 {Predecessor:} c5 $146 13. Nxd5 exd5 14. Rfe1 Bb7 15. Qa4 {0-1 (46) Studer,N (2493)-Bacrot,E (2715) Biel 2017} 1/2-1/2

[Event "O2C Doeberl Cup 2019"]
[Site "Canberra"]
[Date "2019.04.22"]
[Round "9.3"]
[White "Johansen, Darryl K"]
[Black "Smirnov, Anton"]
[Result "0-1"]
[WhiteElo "2364"]
[BlackElo "2567"]
[Annotator "TA"]
[PlyCount "64"]
[EventDate "2019.04.17"]
[EventType "swiss"]
[EventCountry "AUS"]
[SourceTitle "playchess.com"]
[Source "ChessBase"]
[SourceQuality "1"]

{[%evp 11,64,-6,0,7,0,-6,2,1,11,15,13,0,0,3,23,3,2,-3,16,-29,-18,-18,-12,-33,-30,-49,-49,-80,-79,-131,-116,-128,-95,-212,-182,-220,-153,-152,-157,-139,-102,-241,-244,-462,-293,-287,-272,-374,-375,-392,-357,-358,-352,-329,-305]} 1. c4 e5 2. Nc3 Nf6 3. Nf3 Nc6 4. e3 Bb4 5. Qc2 O-O 6. Nd5 Re8 7. Ng5 {A28: English Opening: Four Knights Variation} (7. Qf5 Be7 8. Nxe5 Nb4 9. Nxb4 Bxb4 10. Nf3 d5 11. Qd3 Bf8 12. Be2 c5 13. O-O b6 14. b3 Bb7 15. Bb2 {½-½ (27) So,W (2776)-Melkumyan,H (2660) Douglas 2018}) 7... g6 {aiming for ...Nxd5.} 8. h4 Bf8 9. a3 {The position is equal.} d6 10. Nxf6+ $1 Qxf6 11. d3 h6 12. Ne4 Qg7 $146 ({Predecessor:} 12... Qe6 13. g4 f5 14. gxf5 gxf5 15. Nc3 Qf7 {½-½ (69) Dubinin,P-Preinfalk,A corr 1975}) 13. Bd2 Ne7 14. O-O-O Be6 15. Kb1 f5 $36 {[%mdl 2048] White is under pressure.} 16. Nc3 Qf7 17. h5 g5 $1 18. f4 exf4 19. exf4 g4 20. Ne2 ({White should try} 20. g3) 20... c5 $17 21. g3 d5 {[%cal Rd5c4]} 22. Rc1 (22. Nc1 $17) 22... Rad8 $19 23. Bg2 Nc6 {[%cal Be7c6,Bc6d4,Bd4f3][%mdl 32] [#] White must now prevent ...dxc4.} 24. Rhe1 dxc4 25. dxc4 Qxh5 26. Nc3 {[#]} (26. Bxc6 $17 {keeps fighting.} bxc6 27. b3) 26... Nd4 $1 {[%cal Rd4c2]} ({Less strong is} 26... Bxc4 27. Ne4 $17) 27. Qa4 $2 (27. Qd3 Nf3 28. Nd5) 27... Nf3 28. Bxf3 gxf3 29. Rh1 Qf7 30. Nd5 Bxd5 31. cxd5 Qxd5 32. Bc3 Qe4+ {Accuracy: White = 31%, Black = 81%.} 0-1

[Event "O2C Doeberl Cup 2019"]
[Site "Canberra"]
[Date "2019.04.22"]
[Round "9.4"]
[White "Ikeda, Junta"]
[Black "Sengupta, Deep"]
[Result "0-1"]
[WhiteElo "2441"]
[BlackElo "2551"]
[Annotator "TA"]
[PlyCount "100"]
[EventDate "2019.04.17"]
[EventType "swiss"]
[EventCountry "AUS"]
[SourceTitle "playchess.com"]
[Source "ChessBase"]
[SourceQuality "1"]

{[%evp 11,100,13,25,4,14,-20,-14,-16,0,0,14,14,20,13,27,25,20,15,13,14,15,9,20,0,0,0,0,0,0,0,0,-108,-108,-112,-120,-108,-112,-121,-115,-118,-105,-105,-105,-174,-174,-170,-160,-160,-156,-184,-162,-227,-210,-240,-240,-308,-307,-384,-388,-377,-382,-372,-359,-513,-506,-650,-642,-638,-614,-807,-722,-708,-680,-921,-911,-883,-695,-926,-885,-875,-814,-825,-809,-777,-760,-1005,-995,-1057,-1030,-1604,-1408]} 1. Nf3 Nf6 2. g3 b6 3. Bg2 Bb7 4. O-O g6 5. d3 Bg7 6. e4 d6 7. c4 {A05: Réti Opening: 1 Nf3 Nf6} c5 8. Ng5 $146 ({Predecessor:} 8. Nc3 O-O 9. Rb1 Nc6 10. h3 Nd7 11. Be3 Rc8 12. d4 cxd4 13. Nxd4 Nxd4 14. Bxd4 Rxc4 15. Bxg7 Kxg7 16. b3 Rc5 17. Qd4+ Nf6 {1-0 (100) Harikrishna,P (2737)-Bluebaum,M (2588) Berlin 2015}) 8... Nc6 9. f4 {The position is equal.} h6 10. Nf3 Nd7 11. Nc3 a6 12. Be3 Nd4 13. Qd2 Bc6 14. Qf2 {[%cal Re3d4]} (14. Rab1 {is more complex.} e6 15. b4 O-O 16. Rfc1 Qe7 17. Qf2) 14... Nxf3+ 15. Bxf3 O-O 16. a4 Rb8 17. d4 cxd4 18. Bxd4 e5 19. Be3 exf4 20. gxf4 Nc5 21. Nd5 (21. f5 $11) 21... Bxd5 $17 22. exd5 Re8 23. Ra3 a5 24. Bd4 Bxd4 25. Qxd4 Qh4 26. Bg2 f5 ({Don't play} 26... Re2 27. Rh3 $11) 27. Re3 (27. Qf2 $17 Qxf2+ 28. Kxf2) 27... Rxe3 $19 28. Qxe3 Kf7 29. Re1 Rf8 30. h3 Qd8 31. Qd4 (31. Kh2 $142) 31... Re8 32. Re6 Nxa4 ({But not} 32... Nxe6 33. dxe6+ Kg8 34. Bc6 $17) 33. Qe3 Nc5 ({Weaker is} 33... Nxb2 34. Qb3 $16) 34. Qg3 Nxe6 35. dxe6+ {[%mdl 4096] Endgame KQR-KQB} Kg7 36. Bd5 Qf6 37. Qb3 (37. Qf2 $142 Rb8 38. h4) 37... Qd4+ {[%mdl 64] [#] Double Attack. Black is clearly winning.} 38. Kh1 Re7 39. Qb5 Qe3 40. Qc6 Qc1+ 41. Kg2 Qxb2+ 42. Kh1 Qc1+ 43. Kg2 Qd2+ 44. Kh1 Qe1+ 45. Kg2 Qe2+ 46. Kg1 Qe3+ 47. Kg2 Qxf4 48. Qxb6 a4 49. Qd8 Qg5+ 50. Kf3 f4 {Accuracy: White = 33%, Black = 83%.} 0-1